Statistics for Groups of Things - Age of Empires 2 DE

Click here to take the quiz!

General Stats

  • This quiz has been taken 591 times
    (291 since last reset)
  • The average score is 94 of 318

Answer Stats

Answer% Correct
Japanese
83%
Aztecs
81%
Chinese
81%
Spanish
79%
Vikings
79%
Mayans
76%
Turks
76%
Franks
75%
Mongols
75%
Britons
72%
Hindustanis
72%
Koreans
72%
Persians
72%
Portuguese
72%
Archer
70%
Teutons
70%
Celts
69%
Italians
69%
Byzantines
65%
Incas
65%
Huns
64%
Vietnamese
64%
Ethiopians
62%
Monk
62%
Saracens
62%
Goths
61%
Malay
61%
Villager
61%
Crossbowman
60%
(Elite) Longbowman
60%
Trebuchet
60%
Malians
59%
Berbers
58%
Knight
58%
Militia
58%
Pikeman
58%
Khmer
57%
Magyars
57%
Spearman
56%
Champion
54%
Man at Arms
54%
Poles
54%
Slavs
54%
Burgundians
53%
Burmese
53%
Lithuanians
53%
Paladin
52%
Bohemians
51%
Bulgarians
51%
(Elite) Jaguar Warrior
51%
Battering Ram
50%
(Elite) Berserk
50%
(Elite) Conquistador
50%
(Elite) Skirmisher
50%
Hussar
50%
Sicilians
50%
Bengalis
49%
Cumans
49%
(Elite) Samurai
49%
(Elite) Teutonic Knight
49%
(Elite) War Elephant
49%
Tatars
49%
Dravidians
48%
Galley
48%
(Elite) Eagle Warrior
47%
(Elite) Mangudai
47%
(Heavy) Cavalry Archer
47%
Onager
47%
(Elite) Huskarl
46%
Galleon
46%
Halberdier
46%
(Heavy) Scorpion
46%
Mangonel
46%
Arbalester
45%
(Elite) Cataphract
45%
(Elite) Throwing Axeman
45%
Light Cavalry
45%
Siege Ram
45%
Fire Ship
44%
Trade Cart
44%
Cavalier
43%
Chemistry
43%
(Elite) Turtle Ship
43%
Fishing Ship
43%
Loom
43%
Petard
43%
Scout Cavalry
43%
Two-Handed Swordsman
43%
Gurjaras
42%
Longswordsman
42%
Siege Onager
41%
(Elite) Woad Raider
40%
Bombard Cannon
39%
(Elite) Chu Ko Nu
39%
(Elite) Janissary
39%
(Elite) Longboat
39%
(Heavy) Camel Rider
39%
Wheelbarrow
39%
Ballistics
38%
(Elite) War Wagon
38%
Husbandry
38%
Town Watch
38%
Capped Ram
37%
(Elite) Plumed Archer
37%
Hand Cart
37%
Thumb Ring
37%
(Elite) Camel Archer
36%
(Elite) Tarkan
36%
Bloodlines
35%
(Elite) Mameluke
35%
(Heavy) Demolition Ship
35%
Siege Tower
35%
Town Patrol
35%
(Elite) Elephant Archer
34%
(Elite) Organ Gun
34%
Caravan
33%
Crop Rotation
33%
(Elite) Cannon Galleon
33%
Faith
33%
Hand Cannoneer
33%
(Elite) Battle Elephant
32%
Fletching
32%
Guard Tower
32%
Winged Hussar
32%
Architecture
31%
Bodkin Arrow
31%
Feitoria
31%
Missionary
31%
Murder Holes
31%
Spies/Treason
31%
Supplies
31%
Trade Cog
31%
Transport Ship
31%
Eagle Scout
30%
(Elite) Boyar
30%
Keep
30%
Squires
30%
Bracer
29%
Condottiero
29%
Donjon
29%
Fast Fire Ship
29%
Horse Collar
29%
Masonry
29%
Arson
28%
Bombard Tower
28%
Castle Age
28%
(Elite) Leitis
28%
(Elite) Rattan Archer
28%
(Elite) Steppe Lancer
28%
Feudal Age
28%
Gold Mining
28%
Gold Shaft Mining
28%
Herbal Medicine
28%
Heresy
28%
Imperial Age
28%
Krepost
28%
Parthian Tactics
28%
Siege Elephant
28%
Slinger
28%
Stone Mining
28%
War Galley
28%
Double BIt Axe
27%
(Elite) Arambai
27%
(Elite) Kipchak
27%
(Elite) Shotel Warrior
27%
Forging
27%
Stone Shaft Mining
27%
Coinage
26%
(Elite) Ballista Elephant
26%
(Elite) Kamayuk
26%
Heavy Plow
26%
Imperial Skirmisher
26%
Bow Saw
25%
Caravanserai
24%
Chain Mail Armor
24%
Conscription
24%
(Elite) Genoese Crossbowman
24%
(Elite) Hussite Wagon
24%
(Elite) Karambit Warrior
24%
(Elite) Konnick
24%
(Elite) Magyar Huszar
24%
Heated Shot
24%
Hoardings
24%
Houfnice
24%
Plate Mail Armor
24%
Redemption
24%
Two-Man Saw
24%
(Elite) Genitour
23%
Fire Galley
23%
Siege Engineers
23%
Imperial Camel
22%
(Elite) Serjeant
21%
Guilds
21%
Block Printing
20%
Demolition Raft
20%
(Elite) Caravel
20%
(Elite) Gbeto
20%
(Elite) Obuch
20%
(Elite) Ratha
20%
Gillnets
20%
Iron Casting
20%
Ring Archer Armor
20%
Sappers
20%
Treadmill Crane
20%
War Wolf
20%
Yeomen
20%
Blast Furnace
19%
Leather Archer Armor
19%
Shipwright
19%
(Elite) Keshik
18%
Flaming Camel
18%
Padded Archer Armor
18%
Banking
17%
(Elite) Chakram Thrower
17%
Fervor
17%
Flemish Revolution
17%
Folwark
17%
Plate Barding Armor
17%
Sanctity
17%
Anarchy
16%
Armored Elephant
16%
Arrowslits
16%
Dry Dock
16%
(Elite) Coustillier
16%
Flemish Militia
15%
Fortified Wall
15%
Illumination
15%
Kataparuto
15%
(Elite) Shrivamsha Rider
14%
(Elite) Urumi Swordsman
14%
Scale Mail Armor
14%
Atlatl
13%
Atonement
13%
Camel Scout
13%
Careening
13%
Chain Barding Armor
13%
Crenellations
13%
Drill
13%
El Dorado
13%
(Elite) Ghulam
13%
Nomads
13%
Paper Money
13%
Scale Barding Armor
13%
Berserkergang
12%
Perfusion
12%
Atheism
11%
Supremacy
11%
Burgundian Vineyards
10%
Yasama
10%
Artillery
9%
Chivalry
9%
Furor Celtica
9%
Garland Wars
9%
Great Wall
9%
Iron Clad
9%
Kasbah
9%
Logistica
9%
Rocketry
9%
Royal Heirs
9%
Silk Road
9%
Stronghold
9%
Thirisadai
9%
Chieftains
8%
Farimba
8%
Inquisition
8%
Torsion Engines
8%
Bearded Axe
7%
First Crusade
7%
Greek Fire
7%
Hauberk
7%
Pavise
7%
Szlachta Privileges
7%
Theocracy
7%
Wootz Steel
7%
Zealotry
7%
Andean Sling
6%
Arquebus
6%
Carrack
6%
Chatras
6%
Cuman Mercenaries
6%
Hill Forts
6%
Howdah
6%
Mahouts
6%
Manipur Cavalry
6%
Marauders
6%
Silk Armor
6%
Sipahi
6%
Stirrups
6%
Tigui
6%
Tower Shields
6%
Tusk Swords
6%
Corvinian Army
5%
Counterweights
5%
Druzhina
5%
Eupseong
5%
Forced Levy
5%
Grand Trunk Road
5%
Hussite Reforms
5%
Kamandaran
5%
Lechitic Legacy
5%
Mahayana
5%
Recurve Bow
5%
Shinkichon
5%
Wagenburg Tactics
5%
Bagains
4%
Couriers
4%
Detinets
4%
Double Crossbow
4%
Hul'che Javelineers
4%
Medical Corps
4%
Paiks
4%
Thalassocracy
4%
Timurid Siegecraft
4%
Frontier Guards
3%
Kshatriyas
3%
Maghrabi Camels
3%
Shatagni
3%
Steppe Husbandry
3%

Score Distribution

Percentile by Number Answered

Percent of People with Each Score

Your Score History

You have not taken this quiz since the last reset